Proceso y derechos fundamentales en la España del siglo XIX / (Record no. 132482)

MARC details
000 -LEADER
campo de control de longitud fija 00792nam a2200217 4500
001 - NÚMERO DE CONTROL
campo de control 132482
003 - IDENTIFICADOR DE NÚMERO DE CONTROL
campo de control ES-MaACL
005 - FECHA Y HORA DE LA ÚLTIMA TRANSACCIÓN
campo de control 20250302183636.0
007 - CAMPO FIJO DE DESCRIPCIÓN FÍSICA--INFORMACIÓN GENERAL
campo de control de longitud fija t|
008 - DATOS DE LONGITUD FIJA--INFORMACIÓN GENERAL
campo de control de longitud fija 070214s1983 sp r ||||1| spa d
100 1# - ENTRADA PRINCIPAL--NOMBRE DE PERSONA
Nombre de persona Romero Moreno, José Manuel.
9 (RLIN) 99417
245 10 - MENCIÓN DEL TÍTULO
Título Proceso y derechos fundamentales en la España del siglo XIX /
Mención de responsabilidad, etc. José Manuel Romero Moreno ; [prólogo de Gregorio Peces-Barba].
260 ## - PUBLICACIÓN, DISTRIBUCIÓN, ETC.
Lugar de publicación, distribución, etc. Madrid :
Nombre del editor, distribuidor, etc. Centro de Estudios Constitucionales,
Fecha de publicación, distribución, etc. 1983.
300 ## - DESCRIPCIÓN FÍSICA
Extensión XVI, 447 p. ;
Dimensiones 21 cm.
490 1# - MENCIÓN DE SERIE
Mención de serie Estudios constitucionales
700 1# - ENTRADA AGREGADA--NOMBRE PERSONAL
Nombre de persona Peces-Barba, Gregorio,
Fechas asociadas al nombre 1938-
9 (RLIN) 89835
710 2# - ENTRADA AGREGADA--NOMBRE DE ENTIDAD CORPORATIVA
Nombre de entidad corporativa o nombre de jurisdicción como elemento de entrada Centro de Estudios Constitucionales (España)
9 (RLIN) 2618
830 0# - PUNTO DE ACCESO ADICIONAL DE SERIE-TÍTULO UNIFORME
Título uniforme Estudios constitucionales
9 (RLIN) 180617
852 ## - LOCALIZACIÓN
Ubicación ES-MaACL
Número de control de estantería L-7789
Sublocalización o colección R.108423
Holdings
Estatus retirado Estado de pérdida Estado de daño No para préstamo Biblioteca de origen Biblioteca actual Ubicación en estantería Fecha de adquisición Fuente de adquisición Total de préstamos Signatura topográfica completa Código de barras Visto por última vez Precio de reemplazo Tipo de ítem Koha
        Biblioteca del Ateneo de Madrid Biblioteca del Ateneo de Madrid Depósito 2 17/01/2008     L-7789 1137928 23/02/2023 23/02/2023 Libro impreso